000 00650cam a2200193 i 4500
020 _a9780415625708
040 _cDLC
082 _a333 UND 2012 C144 Or.
245 0 0 _aOne planet to share :
_bsustaining human progress in a changing climate.
300 _axxi, 242 pages :
_billustrations ;
_c28 cm.
490 0 _aAsia Pacific human development report
500 _a"Assigned UN sales number: E.12.III.B.2"--Title page verso.
650 0 _aSustainable development
650 0 _aSustainable development
650 0 _aEnvironemental policy
650 0 _aEnvironemental policy
710 2 _aUnited Nations Development Programme
942 _cAEDBB
999 _c18408
_d18408